[Event "Pere Noel"]
[Site "Montreal CAN"]
[Date "1999.12.28"]
[Round "3"]
[White "Vallieres, Mario"]
[Black "Bachand-Fleurent, Julien"]
[Result "1/2-1/2"]
[WhiteElo "2021"]
[BlackElo "1863"]
[PlyCount "116"]
[GameId "2160767911741704"]
[EventDate "1999.12.26"]
[EventType "swiss"]
[EventRounds "5"]
[EventCountry "CAN"]

1. d4 d5 2. Nc3 Nf6 3. Bg5 Bf5 4. f3 c6 5. e4 dxe4 6. Bxf6 exf6 7. fxe4 Bg6 8. Nf3 Bb4 9. Bd3 O-O 10. O-O Re8 11. Re1 Nd7 12. a3 Bd6 13. b4 a5 14. Na2 b6 15. c3 axb4 16. axb4 c5 17. Qb3 Qc7 18. Rad1 Bh5 19. Rd2 Bxf3 20. gxf3 Bxh2+ 21. Kh1 Qf4 22. Qd1 Bg3 23. Rf1 Re6 24. Qe2 f5 25. Rf2 Bxf2 26. Qxf2 Rh6+ 27. Kg1 Qg5+ 28. Qg2 Qf4 29. exf5 cxd4 30. Be4 Qe3+ 31. Qf2 Qxf2+ 32. Rxf2 Rd8 33. cxd4 Rd6 34. d5 Nf6 35. Nc3 Nxd5 36. Nxd5 Rxd5 37. Bxd5 Rxd5 38. Rc2 h6 39. f6 gxf6 40. Rc6 b5 41. Rxf6 Kg7 42. Rb6 f6 43. Kg2 Kg6 44. Kg3 Rg5+ 45. Kh3 Rf5 46. Kg3 Rg5+ 47. Kh3 h5 48. Rb8 Rd5 49. Rb6 Kf5 50. Kg3 Ke5 51. f4+ Kf5 52. Rb8 Ke4 53. Rb6 Rf5 54. Rb8 h4+ 55. Kxh4 Kxf4 56. Rb6 Ke3 57. Kg3 Kd4 58. Rc6 Rf1 1/2-1/2

[Event "Pere Noel"]
[Site "Montreal CAN"]
[Date "1999.12.28"]
[Round "3"]
[White "Vandal, Eric"]
[Black "Larochelle, Martial"]
[Result "0-1"]
[WhiteElo "1521"]
[BlackElo "2177"]
[PlyCount "102"]
[GameId "2160767911741705"]
[EventDate "1999.12.26"]
[EventType "swiss"]
[EventRounds "5"]
[EventCountry "CAN"]

1. e4 c5 2. Nc3 e6 3. g3 Nc6 4. Bg2 g6 5. d3 Bg7 6. f4 d6 7. Nf3 Nge7 8. O-O O-O 9. Be3 Nd4 10. Rb1 Rb8 11. Ne2 Nxf3+ 12. Bxf3 b6 13. c3 f5 14. Qb3 Kh8 15. d4 fxe4 16. Bxe4 c4 17. Qc2 Bb7 18. Bxb7 Rxb7 19. Qe4 Qc8 20. Rbe1 Nd5 21. Bd2 Re7 22. Qg2 Qa6 23. a3 Qb5 24. Bc1 a5 25. Kh1 Qc6 26. Ng1 b5 27. g4 b4 28. f5 exf5 29. Rxe7 Nxe7 30. gxf5 Qxg2+ 31. Kxg2 bxa3 32. bxa3 Nxf5 33. Re1 Rb8 34. a4 Kg8 35. Re2 Rb1 36. Re8+ Kf7 37. Re1 Bh6 38. Ne2 Ra1 39. Rf1 Bxc1 40. Nxc1 Rxa4 41. Rf2 Ra1 42. Na2 Ke6 43. Kf3 Kd5 44. Kf4 Rg1 45. Rb2 Rf1+ 46. Kg5 Ke6 47. Re2+ Kf7 48. Rb2 h6+ 49. Kg4 Kf6 50. Re2 g5 51. Kh5 Rf4 0-1

[Event "Pere Noel"]
[Site "Montreal CAN"]
[Date "1999.12.29"]
[Round "4"]
[White "Bachand-Fleurent, Julien"]
[Black "Deschamps, Felix"]
[Result "1-0"]
[WhiteElo "1862"]
[BlackElo "2000"]
[PlyCount "63"]
[GameId "2160767911741708"]
[EventDate "1999.12.26"]
[EventType "swiss"]
[EventRounds "5"]
[EventCountry "CAN"]

1. e4 e5 2. Nf3 Nc6 3. d4 exd4 4. Bc4 Nf6 5. e5 d5 6. Bb5 Ne4 7. Nxd4 Bd7 8. Nxc6 bxc6 9. Bd3 Nc5 10. Be3 Nxd3+ 11. Qxd3 f6 12. f4 fxe5 13. fxe5 Qh4+ 14. Bf2 Qb4+ 15. Nd2 Be7 16. O-O O-O 17. Bd4 Be6 18. a3 Qb7 19. b4 a5 20. c3 Qc8 21. Nb3 Bf5 22. Qe3 axb4 23. axb4 Qe6 24. Ra5 Qg6 25. Nc5 Rxa5 26. bxa5 Ra8 27. a6 h6 28. Ra1 Bc8 29. a7 Bh4 30. Qe2 Bg4 31. Qb2 Bh3 32. Kh1 1-0

[Event "Pere Noel"]
[Site "Montreal CAN"]
[Date "1999.12.29"]
[Round "4"]
[White "Brodie, Hugh"]
[Black "Vallieres, Mario"]
[Result "0-1"]
[WhiteElo "1902"]
[BlackElo "2021"]
[PlyCount "62"]
[GameId "2160767911741709"]
[EventDate "1999.12.26"]
[EventType "swiss"]
[EventRounds "5"]
[EventCountry "CAN"]

1. e4 Nf6 2. Nc3 e5 3. f4 exf4 4. e5 Ng8 5. Nf3 d6 6. exd6 Bxd6 7. d4 Nf6 8. Bc4 O-O 9. O-O Bg4 10. Ne2 c5 11. c3 Qc7 12. Bb3 Nbd7 13. Kh1 Rae8 14. dxc5 Nxc5 15. Ned4 a6 16. h3 Bh5 17. Nf5 Be5 18. Re1 Nce4 19. Qc2 Bd6 20. Nxd6 Qxd6 21. Kh2 g5 22. Rd1 Qc5 23. Rd4 b5 24. Bd2 Re7 25. Re1 Rfe8 26. a4 Bxf3 27. gxf3 Nxd2 28. Rxe7 Nxf3+ 29. Kg2 Nh4+ 30. Kf1 Qxe7 31. Qf2 Ne4 0-1

[Event "Pere Noel"]
[Site "Montreal CAN"]
[Date "1999.12.29"]
[Round "4"]
[White "Champetier, Serge"]
[Black "Fillion, Steve"]
[Result "0-1"]
[WhiteElo "1986"]
[BlackElo "2108"]
[PlyCount "62"]
[GameId "2160767911741710"]
[EventDate "1999.12.26"]
[EventType "swiss"]
[EventRounds "5"]
[EventCountry "CAN"]

1. e4 e6 2. d3 c5 3. Nf3 Nc6 4. g3 g6 5. Bg2 Bg7 6. O-O Nge7 7. Nbd2 O-O 8. Nh4 d6 9. c3 Bd7 10. f4 f5 11. Ndf3 Qc7 12. Be3 b6 13. Rc1 Rae8 14. Rc2 e5 15. Ng5 h6 16. Nh3 Kh7 17. Kh1 Be6 18. b3 Qd7 19. Nf2 d5 20. exf5 Nxf5 21. Nxf5 Bxf5 22. Qc1 d4 23. cxd4 Nxd4 24. Bxd4 Qxd4 25. Rc4 Qd7 26. fxe5 Bxe5 27. Rh4 Bg7 28. Kg1 Re2 29. Be4 Rxa2 30. Bxf5 Rxf5 31. Qe3 Qf7 0-1

[Event "Pere Noel"]
[Site "Montreal CAN"]
[Date "1999.12.29"]
[Round "4"]
[White "Esterez, Emmanuel"]
[Black "Plante, Michel"]
[Result "0-1"]
[WhiteElo "1950"]
[BlackElo "1865"]
[PlyCount "54"]
[GameId "2160767911741711"]
[EventDate "1999.12.26"]
[EventType "swiss"]
[EventRounds "5"]
[EventCountry "CAN"]

1. Nf3 d5 2. e3 c6 3. b3 Bg4 4. Bb2 Nd7 5. d4 e6 6. Nbd2 Ngf6 7. Bd3 Bd6 8. h3 Bh5 9. g4 Bg6 10. Ne5 Qe7 11. Nxg6 hxg6 12. f4 O-O-O 13. Kf2 Kb8 14. c3 g5 15. fxg5 Nh7 16. Bxh7 Rxh7 17. e4 e5 18. h4 exd4 19. cxd4 dxe4 20. Nc4 Nc5 21. Qe2 Nd3+ 22. Kg1 Bc7 23. Ba3 Qe6 24. Ne3 Bb6 25. Nf5 g6 26. Nh6 Bxd4+ 27. Kf1 Bxa1 0-1

[Event "Pere Noel"]
[Site "Montreal CAN"]
[Date "1999.12.29"]
[Round "4"]
[White "Khassanov, Marat"]
[Black "Mikanovic, Goran"]
[Result "1/2-1/2"]
[WhiteElo "2428"]
[BlackElo "2314"]
[PlyCount "116"]
[GameId "2160767911741712"]
[EventDate "1999.12.26"]
[EventType "swiss"]
[EventRounds "5"]
[EventCountry "CAN"]

1. e4 c5 2. Nf3 e6 3. d4 cxd4 4. Nxd4 Nc6 5. Nb5 d6 6. c4 Nf6 7. Bd3 a6 8. N5c3 Be7 9. O-O O-O 10. b3 b6 11. Nd2 Bb7 12. Nf3 Qc7 13. Bb2 Rfd8 14. Rc1 Ne5 15. Bb1 Rac8 16. Nd4 Qb8 17. Qe2 Re8 18. Qe3 Ng6 19. f4 e5 20. Nf5 exf4 21. Qd4 Bf8 22. Nd5 Bxd5 23. exd5 Qc7 24. Nh6+ gxh6 25. Qxf6 Qe7 26. Bxg6 Qxf6 27. Bxh7+ Kxh7 28. Bxf6 Re4 29. Rfe1 Rce8 30. Rxe4 Rxe4 31. Kf2 Bg7 32. Bxg7 Kxg7 33. Kf3 Rd4 34. Re1 b5 35. Re4 Rd2 36. Rxf4 bxc4 37. bxc4 Rxa2 38. Rg4+ Kf6 39. Rf4+ Kg6 40. Rg4+ Kf5 41. Rf4+ Kg6 42. Re4 Rc2 43. Re7 Rxc4 44. Rd7 a5 45. Rxd6+ f6 46. Ra6 a4 47. d6 Kf7 48. d7 Rd4 49. Ra7 Ke7 50. g4 Rxd7 51. Rxa4 Kf7 52. h4 Rd5 53. Ra7+ Kg8 54. Ke4 Rb5 55. h5 Re5+ 56. Kf4 Rb5 57. Re7 Ra5 58. Ke4 Rg5 1/2-1/2

[Event "Pere Noel"]
[Site "Montreal CAN"]
[Date "1999.12.29"]
[Round "4"]
[White "Larochelle, Martial"]
[Black "Tessier, Olivier"]
[Result "1-0"]
[WhiteElo "2177"]
[BlackElo "1924"]
[PlyCount "51"]
[GameId "2160767911741713"]
[EventDate "1999.12.26"]
[EventType "swiss"]
[EventRounds "5"]
[EventCountry "CAN"]

1. c4 Nf6 2. g3 g6 3. Bg2 c6 4. Nc3 d5 5. cxd5 cxd5 6. d4 Bg7 7. Nf3 O-O 8. Ne5 Be6 9. O-O Nbd7 10. f4 Nb6 11. b3 Rc8 12. Qd2 Bf5 13. Ba3 Ne4 14. Nxe4 Bxe4 15. Bxe4 dxe4 16. Rac1 Rxc1 17. Rxc1 f5 18. Qb4 Re8 19. Bb2 Qd6 20. Rc5 a6 21. e3 Rb8 22. Nc4 Nxc4 23. Qxc4+ e6 24. Ba3 b5 25. Rc8+ Qf8 26. Qxe6+ 1-0

[Event "Pere Noel"]
[Site "Montreal CAN"]
[Date "1999.12.29"]
[Round "4"]
[White "Lezaic, Jovan"]
[Black "Pnevmonidis, Pantelis"]
[Result "1/2-1/2"]
[WhiteElo "2021"]
[BlackElo "2152"]
[PlyCount "130"]
[GameId "2160767911741714"]
[EventDate "1999.12.26"]
[EventType "swiss"]
[EventRounds "5"]
[EventCountry "CAN"]

1. d4 Nf6 2. c4 e6 3. Nc3 Bb4 4. Qc2 O-O 5. a3 Bxc3+ 6. Qxc3 b6 7. Bg5 Bb7 8. Nf3 d6 9. Rd1 Nbd7 10. e3 Ne4 11. Bxd8 Nxc3 12. bxc3 Rfxd8 13. Be2 Nf6 14. Rg1 Ne4 15. Rc1 c5 16. Bd3 Kf8 17. Nd2 Nxd2 18. Kxd2 Ke7 19. g3 h6 20. Rc2 Rac8 21. Rb1 Bc6 22. a4 Rb8 23. Ra2 Kd7 24. a5 Kc7 25. axb6+ axb6 26. Ra7+ Rb7 27. Rba1 Rdb8 28. R1a6 Rxa7 29. Rxa7+ Rb7 30. Ra8 Rb8 31. Ra7+ Rb7 32. Ra8 Rb8 33. Ra2 Ra8 34. Rxa8 Bxa8 35. Bc2 Bc6 36. Kc1 Bf3 37. Ba4 Be2 38. Bb3 e5 39. Kd2 Bf3 40. Ba4 Kd8 41. Bc2 Ke7 42. e4 Bg4 43. Ke3 Be6 44. Bb3 f5 45. f4 exf4+ 46. Kxf4 fxe4 47. Kxe4 Kf6 48. h4 b5 49. d5 Bf5+ 50. Kf4 g5+ 51. hxg5+ hxg5+ 52. Ke3 bxc4 53. Bxc4 Ke5 54. Bb3 Be4 55. c4 Kf5 56. g4+ Ke5 57. Bd1 Bg6 58. Bf3 Bc2 59. Be2 Bb3 60. Bd3 Ba4 61. Be2 Bc2 62. Bf3 Bb1 63. Bd1 Be4 64. Be2 Bh1 65. Bf1 Be4 1/2-1/2

[Event "Pere Noel"]
[Site "Montreal CAN"]
[Date "1999.12.29"]
[Round "4"]
[White "Marcone, Malcom"]
[Black "Prahov, Valentin"]
[Result "1-0"]
[WhiteElo "1910"]
[BlackElo "2261"]
[PlyCount "77"]
[GameId "2160767911741715"]
[EventDate "1999.12.26"]
[EventType "swiss"]
[EventRounds "5"]
[EventCountry "CAN"]

1. Nf3 g6 2. c4 Bg7 3. e4 c5 4. d4 cxd4 5. Nxd4 Nc6 6. Be3 Nf6 7. Nc3 d6 8. f3 O-O 9. Qd2 Re8 10. Be2 Nxd4 11. Bxd4 Be6 12. Rc1 a5 13. b3 Nd7 14. Bxg7 Kxg7 15. h4 h5 16. f4 f5 17. Qd4+ Kh7 18. O-O Qb6 19. Qxb6 Nxb6 20. exf5 Bxf5 21. Bf3 Rab8 22. Rcd1 Kg7 23. Rfe1 Kf7 24. Nb5 a4 25. Nd4 Bd7 26. f5 axb3 27. axb3 Nc8 28. Re3 Kg7 29. fxg6 e5 30. Ne2 Kxg6 31. Be4+ Kh6 32. c5 b5 33. cxd6 Rb6 34. Red3 b4 35. Rg3 Re6 36. Rg5 Rbxd6 37. Rf1 Rd2 38. Rf8 Re8 39. Rf6# 1-0

[Event "Pere Noel"]
[Site "Montreal CAN"]
[Date "1999.12.29"]
[Round "4"]
[White "Mongeau, Diane"]
[Black "Dominique, Vladimir"]
[Result "1-0"]
[WhiteElo "1963"]
[BlackElo "1805"]
[PlyCount "83"]
[GameId "2160767911741716"]
[EventDate "1999.12.26"]
[EventType "swiss"]
[EventRounds "5"]
[EventCountry "CAN"]

1. d4 d5 2. c4 c6 3. cxd5 cxd5 4. Nf3 Nf6 5. Bf4 Nc6 6. e3 Bf5 7. Qb3 Qd7 8. Nc3 e6 9. Ne5 Qc8 10. Bb5 Be7 11. Qa4 O-O 12. Nxc6 bxc6 13. Bxc6 Bc2 14. Qb5 Bb4 15. Qxb4 Qxc6 16. O-O a5 17. Qb5 Qxb5 18. Nxb5 Bd3 19. Nc7 Rab8 20. Rfd1 Bc2 21. Rd2 Rxb2 22. Rc1 Rfb8 23. Nxd5 Ne4 24. Re2 R8b7 25. h3 exd5 26. Rexc2 g5 27. Bc7 a4 28. f3 Nd2 29. Be5 Nc4 30. Bf6 h6 31. e4 Ne3 32. Rc8+ Kh7 33. Be5 Rxg2+ 34. Kh1 Rxa2 35. Rh8+ Kg6 36. Rc6+ f6 37. Rxf6+ Kg7 38. Rfxh6+ Kf7 39. R8h7+ Ke8 40. Rxb7 Ra1+ 41. Kh2 Ra2+ 42. Kg1 1-0

[Event "Pere Noel"]
[Site "Montreal CAN"]
[Date "1999.12.29"]
[Round "4"]
[White "Newman, Doug"]
[Black "Lipnowski, Samuel"]
[Result "1-0"]
[WhiteElo "1914"]
[BlackElo "2030"]
[PlyCount "107"]
[GameId "2160767911741717"]
[EventDate "1999.12.26"]
[EventType "swiss"]
[EventRounds "5"]
[EventCountry "CAN"]

1. d4 Nf6 2. c4 c5 3. d5 b5 4. cxb5 a6 5. e3 d6 6. Nc3 g6 7. Nf3 Bg7 8. Bd3 O-O 9. O-O axb5 10. Bxb5 Qb6 11. Nd2 Ba6 12. Nc4 Qb7 13. Bxa6 Qxa6 14. Qe2 Nbd7 15. a4 Rfb8 16. e4 Rb4 17. e5 Qxc4 18. Qxc4 Rxc4 19. exf6 Bxf6 20. Re1 Rxc3 21. bxc3 Bxc3 22. Rxe7 Bxa1 23. Rxd7 Rxa4 24. Bh6 Bf6 25. Kf1 Ra6 26. g4 Ra1+ 27. Ke2 Ra8 28. Rxd6 Bd4 29. Rc6 Rd8 30. d6 f5 31. gxf5 gxf5 32. Bg5 Rd7 33. Bf4 Kf7 34. f3 Ke6 35. Rc7 c4 36. Rxc4 Be5 37. Bxe5 Kxe5 38. Rc7 Kxd6 39. Rxd7+ Kxd7 40. Ke3 Ke6 41. Kd4 Kf6 42. f4 h6 43. Kd5 Kf7 44. Ke5 Kg6 45. Ke6 Kg7 46. Kxf5 Kf7 47. h4 Kg7 48. Ke6 h5 49. f5 Kg8 50. Kf6 Kh7 51. Kg5 Kg7 52. Kxh5 Kf6 53. Kg4 Kg7 54. Kg5 1-0

[Event "Pere Noel"]
[Site "Montreal CAN"]
[Date "1999.12.29"]
[Round "4"]
[White "Reddy, Tyler"]
[Black "Gagnon, Michel"]
[Result "0-1"]
[WhiteElo "2119"]
[BlackElo "2186"]
[PlyCount "188"]
[GameId "2160767911741718"]
[EventDate "1999.12.26"]
[EventType "swiss"]
[EventRounds "5"]
[EventCountry "CAN"]

1. c4 e6 2. Nf3 Nf6 3. g3 Be7 4. Bg2 O-O 5. O-O d5 6. b3 Nbd7 7. Bb2 c6 8. d3 Re8 9. Nbd2 Bf8 10. Qc2 g6 11. a3 a5 12. Rfe1 Bg7 13. b4 e5 14. e4 dxc4 15. Nxc4 axb4 16. axb4 Rxa1 17. Rxa1 Qc7 18. Na5 Bf8 19. b5 c5 20. Qb3 h6 21. Nc4 Bd6 22. b6 Qc6 23. Bc1 Kg7 24. Rb1 Nf8 25. Bb2 N6d7 26. Ba1 Bb8 27. Bc3 Qe6 28. Qb2 f6 29. Nh4 Qe7 30. Qe2 Kh7 31. Bd2 Ne6 32. Qe3 Qg7 33. Bf3 Ndf8 34. Bg4 Rd8 35. Na5 Bd6 36. Kg2 Be7 37. Kh1 Rd6 38. Bf5 Bd8 39. Nc4 Rc6 40. Bg4 Nd4 41. Bxc8 Rxc8 42. Nd6 Rc6 43. Ne8 Nc2 44. Nxg7 Nxe3 45. Ne8 Nc2 46. Rb2 Nd4 47. Ba5 f5 48. exf5 gxf5 49. Ng2 Kg6 50. Ne3 Kf7 51. Nc7 Nfe6 52. Nc4 Bf6 53. Nd5 Nd8 54. Bd2 Bg7 55. Ra2 Ke6 56. Ra8 Kd7 57. Na5 Re6 58. Rb8 N4c6 59. Nxc6 Rxc6 60. Ba5 Rd6 61. Ne3 Ke6 62. Rc8 Nc6 63. Rc7 Bf6 64. Bc3 Nd8 65. Rxc5 Rxb6 66. Nc4 Rb1+ 67. Kg2 Nc6 68. Na5 Be7 69. Rc4 Kd5 70. Nxc6 bxc6 71. Ra4 Rd1 72. Ra5+ c5 73. Ra7 Bd6 74. Rd7 Rxd3 75. Ba5 c4 76. Bb4 Ke6 77. Bxd6 Rxd6 78. Rc7 Kd5 79. Kf3 Kd4 80. Ke2 Kc3 81. Rc5 Kd4 82. Rc8 c3 83. Kd1 Kd3 84. Kc1 Rd5 85. Rc6 Ra5 86. Rd6+ Kc4 87. Rxh6 Ra1+ 88. Kc2 Ra2+ 89. Kc1 Rxf2 90. Rc6+ Kd4 91. Rd6+ Ke4 92. h4 Rg2 93. Rg6 f4 94. h5 Rxg3 0-1

[Event "Pere Noel"]
[Site "Montreal CAN"]
[Date "1999.12.29"]
[Round "4"]
[White "Soudre, Nicolas"]
[Black "Neacsu, Catalin"]
[Result "1-0"]
[WhiteElo "2219"]
[BlackElo "2035"]
[PlyCount "69"]
[GameId "2160767911741719"]
[EventDate "1999.12.26"]
[EventType "swiss"]
[EventRounds "5"]
[EventCountry "CAN"]

1. e4 c5 2. Nc3 e6 3. f4 d5 4. Nf3 a6 5. a4 d4 6. Ne2 Qa5 7. c3 d3 8. Ng3 c4 9. b3 b5 10. Bb2 Bb7 11. Ne5 Qb6 12. bxc4 Nd7 13. Nxd7 Kxd7 14. axb5 axb5 15. Rxa8 Bxa8 16. Qb3 Bc6 17. Bxd3 Nf6 18. cxb5 Bb7 19. Bb1 h5 20. Qc4 h4 21. Ne2 Ng4 22. Qd4+ Qxd4 23. Nxd4 Bc5 24. Nb3 Bf2+ 25. Kf1 h3 26. gxh3 Rxh3 27. Kg2 Rh5 28. h3 Rxb5 29. hxg4 Rxb3 30. Kxf2 Rxb2 31. Ke3 f5 32. gxf5 exf5 33. Bd3 Bxe4 34. Bxe4 fxe4 35. Rh7 1-0

[Event "Pere Noel"]
[Site "Montreal CAN"]
[Date "1999.12.29"]
[Round "4"]
[White "Trottier, Yves"]
[Black "Moss, Laurent"]
[Result "1/2-1/2"]
[WhiteElo "1960"]
[BlackElo "2087"]
[PlyCount "31"]
[GameId "2160767911741720"]
[EventDate "1999.12.26"]
[EventType "swiss"]
[EventRounds "5"]
[EventCountry "CAN"]

1. e4 c5 2. Nc3 Nc6 3. g3 g6 4. Bg2 Bg7 5. d3 Rb8 6. Be3 Nd4 7. Nce2 e6 8. c3 Nxe2 9. Nxe2 d6 10. Qa4+ Bd7 11. Qxa7 Ra8 12. Qxb7 Rb8 13. Qa7 Ra8 14. Qb7 Rb8 15. Qa7 Ra8 16. Qb7 1/2-1/2

[Event "Pere Noel"]
[Site "Montreal CAN"]
[Date "1999.12.29"]
[Round "4"]
[White "Vandal, Eric"]
[Black "Regnier, Alain"]
[Result "0-1"]
[WhiteElo "1521"]
[BlackElo "2124"]
[PlyCount "125"]
[GameId "2160767911741721"]
[EventDate "1999.12.26"]
[EventType "swiss"]
[EventRounds "5"]
[EventCountry "CAN"]

1. e4 e6 2. d4 d5 3. e5 Qd7 4. Nf3 b6 5. Bd3 Ba6 6. O-O Bxd3 7. Qxd3 c5 8. c3 Nc6 9. a3 Nge7 10. Nh4 Ng6 11. Bg5 Be7 12. Bxe7 Qxe7 13. Nf3 O-O 14. Nbd2 f6 15. exf6 Rxf6 16. Rae1 Raf8 17. Qe3 cxd4 18. cxd4 h6 19. h3 Qf7 20. Nb3 Nf4 21. Nh2 Rg6 22. g4 Qf6 23. Rc1 Nd8 24. Kh1 Qh4 25. Rc3 Nb7 26. Qg3 Qe7 27. Qe3 Nd6 28. Nd2 Qh4 29. Qg3 Qf6 30. Qe3 Nb5 31. Nhf3 Nxc3 32. bxc3 h5 33. Ne5 Rh6 34. Nd7 Qh4 35. Nxf8 Nxh3 36. Qg3 Qe7 37. Qxh3 hxg4 38. Qxh6 gxh6 39. Ng6 Qg5 40. Ne5 Qxd2 41. Nxg4 h5 42. Nf6+ Kf7 43. Nd7 Qxc3 44. Ne5+ Kf6 45. Rd1 Qxa3 46. Rd3 Qa1+ 47. Kg2 Kf5 48. Rf3+ Ke4 49. Nc6 Qc1 50. Re3+ Qxe3 51. fxe3 Kxe3 52. Nxa7 Kxd4 53. Nb5+ Kc5 54. Nc7 e5 55. Ne6+ Kc4 56. Ng7 b5 57. Kf2 b4 58. Ke2 h4 59. Nf5 h3 60. Ne3+ Kd4 61. Nf1 Kc3 62. Kd1 d4 63. Ng3 0-1

[Event "Pere Noel"]
[Site "Montreal CAN"]
[Date "1999.12.30"]
[Round "5"]
[White "Bachand-Fleurent, Julien"]
[Black "Lezaic, Jovan"]
[Result "1/2-1/2"]
[WhiteElo "1862"]
[BlackElo "2021"]
[PlyCount "137"]
[GameId "2160767911741724"]
[EventDate "1999.12.26"]
[EventType "swiss"]
[EventRounds "5"]
[EventCountry "CAN"]

1. e4 c5 2. Nf3 Nc6 3. d4 cxd4 4. Nxd4 Nf6 5. Nc3 a6 6. Be3 d6 7. Be2 e6 8. O-O Be7 9. f4 Qc7 10. h3 O-O 11. Qd2 Bd7 12. Rad1 Rad8 13. g4 Nxd4 14. Bxd4 Bc6 15. Qe3 Nd7 16. Qg3 Nc5 17. Bf3 b5 18. Qg2 b4 19. Ne2 e5 20. Bxc5 dxc5 21. f5 Bb5 22. b3 Bg5 23. Qf2 Qe7 24. Rd5 Rxd5 25. exd5 e4 26. Bg2 Rd8 27. Rd1 Qe5 28. h4 e3 29. Qg3 Qxg3 30. Nxg3 Bxh4 31. Kh2 Bf6 32. Re1 Bd4 33. Bf3 Kf8 34. Ne2 Be5+ 35. Kg2 f6 36. Be4 Ke7 37. Kf3 Bd4 38. Nf4 Kd6 39. Ne6 Rd7 40. Kf4 g5+ 41. fxg6 hxg6 42. Bxg6 Kxd5 43. Kf5 Rd6 44. Nf4+ Kc6 45. Ng2 Rd5+ 46. Kf4 Kd6 47. Be4 Rg5 48. Nxe3 Bxe3+ 49. Rxe3 Re5 50. c4 bxc3 51. Rxc3 Bd7 52. Rd3+ Kc7 53. Rd5 Rxd5 54. Bxd5 Kd6 55. Bc4 a5 56. Be2 Kd5 57. Ke3 Ke5 58. Bf3 Bb5 59. Bd1 Bc6 60. Bc2 Bd5 61. Bf5 Bf7 62. Bc2 Be6 63. Bd1 Kd5 64. Kd3 Bf7 65. Kc3 Ke5 66. a3 Kf4 67. b4 cxb4+ 68. axb4 axb4+ 69. Kxb4 1/2-1/2

[Event "Pere Noel"]
[Site "Montreal CAN"]
[Date "1999.12.30"]
[Round "5"]
[White "Deschamps, Felix"]
[Black "Vandal, Eric"]
[Result "1-0"]
[WhiteElo "2000"]
[BlackElo "1521"]
[PlyCount "80"]
[GameId "2160767911741725"]
[EventDate "1999.12.26"]
[EventType "swiss"]
[EventRounds "5"]
[EventCountry "CAN"]

1. e4 e5 2. Nf3 Nc6 3. Nc3 Nf6 4. Bb5 d6 5. d4 exd4 6. Nxd4 Bd7 7. b3 g6 8. O-O Bg7 9. Bxc6 bxc6 10. Qd3 O-O 11. f3 c5 12. Nde2 Re8 13. Bg5 h6 14. Bh4 Qc8 15. Rad1 Bc6 16. Qc4 Qb7 17. Bg3 Qb4 18. Qd3 Nd7 19. Nd5 Qb7 20. Nec3 Rad8 21. Qd2 Nb6 22. Qf4 Nxd5 23. Nxd5 Bxd5 24. Rxd5 Qb4 25. Qc1 c4 26. Rfd1 cxb3 27. cxb3 Qc3 28. Qxc3 Bxc3 29. Rc1 Bb4 30. Rxc7 Bc5+ 31. Bf2 Bxf2+ 32. Kxf2 Rc8 33. Rxa7 Rc6 34. Rda5 Rc2+ 35. Kg3 Rec8 36. Ra8 Rxa8 37. Rxa8+ Kg7 38. a4 Kf6 39. a5 Ke6 40. b4 Kd7 1-0

[Event "Pere Noel"]
[Site "Montreal CAN"]
[Date "1999.12.30"]
[Round "5"]
[White "Fillion, Steve"]
[Black "Khassanov, Marat"]
[Result "1/2-1/2"]
[WhiteElo "2108"]
[BlackElo "2428"]
[PlyCount "59"]
[GameId "2160767911741726"]
[EventDate "1999.12.26"]
[EventType "swiss"]
[EventRounds "5"]
[EventCountry "CAN"]

1. d4 Nf6 2. Nf3 d5 3. g3 e6 4. Bg2 Bd6 5. O-O Ne4 6. c4 c6 7. b3 O-O 8. Ba3 Bxa3 9. Nxa3 Nd7 10. Nc2 b5 11. c5 a5 12. a3 Qe7 13. b4 f6 14. Nd2 Nc3 15. Qe1 a4 16. e4 dxe4 17. Nxe4 Nxe4 18. Qxe4 Bb7 19. Rae1 Rae8 20. Re2 Nb8 21. Rfe1 Bc8 22. Bh3 Qd8 23. f4 Bd7 24. Qg2 Qc8 25. Bg4 Na6 26. Bh5 g6 27. Bf3 Qa8 28. Bg4 Qc8 29. h4 Nc7 30. Bf3 1/2-1/2

[Event "Pere Noel"]
[Site "Montreal CAN"]
[Date "1999.12.30"]
[Round "5"]
[White "Laframboise, Marc-Andre"]
[Black "Tessier, Olivier"]
[Result "1-0"]
[WhiteElo "2030"]
[BlackElo "1924"]
[PlyCount "43"]
[GameId "2160767911741727"]
[EventDate "1999.12.26"]
[EventType "swiss"]
[EventRounds "5"]
[EventCountry "CAN"]

1. d4 Nf6 2. c4 c5 3. d5 b5 4. a4 bxc4 5. Nc3 g6 6. e4 d6 7. f4 Bg7 8. Be2 O-O 9. Nf3 Bb7 10. O-O Nbd7 11. Nd2 e6 12. Nxc4 exd5 13. Nxd6 Bc6 14. exd5 Nxd5 15. Nxd5 Bd4+ 16. Ne3 Qe7 17. Ndc4 Nb6 18. Kh1 Rfe8 19. Bf3 Bxf3 20. Qxf3 Nxc4 21. Nxc4 Qe1 22. Nd6 1-0

[Event "Pere Noel"]
[Site "Montreal CAN"]
[Date "1999.12.30"]
[Round "5"]
[White "Lipnowski, Samuel"]
[Black "Dominique, Vladimir"]
[Result "1/2-1/2"]
[WhiteElo "2030"]
[BlackElo "1805"]
[PlyCount "93"]
[GameId "2160767911741729"]
[EventDate "1999.12.26"]
[EventType "swiss"]
[EventRounds "5"]
[EventCountry "CAN"]

1. c4 c6 2. Nf3 d5 3. b3 Nf6 4. Bb2 e6 5. g3 Nbd7 6. Bg2 Bd6 7. O-O O-O 8. d3 Re8 9. Nc3 a6 10. Rc1 b5 11. cxd5 cxd5 12. Rc2 Bb7 13. Re1 Rc8 14. e4 dxe4 15. dxe4 Bb4 16. Nd4 Qa5 17. Re3 Rc7 18. Qc1 Rec8 19. a3 Bxc3 20. Bxc3 Qb6 21. Qd2 a5 22. a4 b4 23. Bb2 Rxc2 24. Nxc2 Qc5 25. Nd4 Ba6 26. Re1 Qh5 27. Rc1 Rxc1+ 28. Qxc1 h6 29. Nc6 Ng4 30. h3 Nde5 31. Nxe5 Nxe5 32. Bxe5 Qxe5 33. Qc6 Bd3 34. Qe8+ Kh7 35. Qxf7 Bxe4 36. Bxe4+ Qxe4 37. Qc7 Qb1+ 38. Kh2 Qxb3 39. Qxa5 Qc4 40. Qb6 b3 41. a5 Qc2 42. a6 b2 43. a7 b1=Q 44. a8=Q Qf5 45. Kg2 h5 46. Qf3 Kg6 47. h4 1/2-1/2

[Event "Pere Noel"]
[Site "Montreal CAN"]
[Date "1999.12.30"]
[Round "5"]
[White "Marcone, Malcom"]
[Black "Soudre, Nicolas"]
[Result "0-1"]
[WhiteElo "1819"]
[BlackElo "2219"]
[PlyCount "48"]
[GameId "2160767911741730"]
[EventDate "1999.12.26"]
[EventType "swiss"]
[EventRounds "5"]
[EventCountry "CAN"]

1. d4 e6 2. c4 Nf6 3. Nc3 d5 4. cxd5 exd5 5. Bg5 c6 6. e3 Bf5 7. Nge2 Nbd7 8. Ng3 Bg6 9. f3 Qb6 10. Qd2 Bd6 11. Nge2 O-O 12. Bh4 Rfe8 13. Bf2 c5 14. g3 Rac8 15. Bg2 cxd4 16. exd4 Qa5 17. O-O Nb6 18. Rae1 Nc4 19. Qc1 Bd3 20. Kh1 Bxe2 21. Nxe2 Nd2 22. Qa1 Nxf1 23. Bxf1 Rc2 24. Qb1 Qd2 0-1

[Event "Pere Noel"]
[Site "Montreal CAN"]
[Date "1999.12.30"]
[Round "5"]
[White "Mikanovic, Goran"]
[Black "Gagnon, Michel"]
[Result "1-0"]
[WhiteElo "2314"]
[BlackElo "2186"]
[PlyCount "93"]
[GameId "2160767911741731"]
[EventDate "1999.12.26"]
[EventType "swiss"]
[EventRounds "5"]
[EventCountry "CAN"]

1. d4 d5 2. c4 e6 3. Nc3 Nf6 4. Bg5 Be7 5. e3 O-O 6. Nf3 h6 7. Bh4 Ne4 8. Bxe7 Qxe7 9. Rc1 Nxc3 10. Rxc3 c6 11. Bd3 dxc4 12. Bxc4 Nd7 13. O-O e5 14. Bb3 exd4 15. exd4 Nf6 16. Re1 Qd6 17. Ne5 Be6 18. Bxe6 fxe6 19. Rg3 Rad8 20. Qb3 Nh5 21. Rg4 Rf4 22. Rxf4 Nxf4 23. g3 Nh3+ 24. Kg2 Ng5 25. h4 Nf7 26. Nxf7 Kxf7 27. Qxb7+ Rd7 28. Qb3 Rd8 29. Re5 Rb8 30. Qc3 Rd8 31. Qc4 Rd7 32. b3 Kf6 33. Rc5 Rc7 34. h5 Ke7 35. a4 Kd7 36. b4 a6 37. Ra5 Rb7 38. Rc5 Rc7 39. Qc3 Ke8 40. Qc4 Kd7 41. f4 Rb7 42. Kf3 Rc7 43. Ke3 Ra7 44. Kd3 Rb7 45. Kc3 Rb6 46. Re5 Rb7 47. f5 1-0